Datum a čas kvízu

30 Celkem bodů Celkový počet nahraných bodů na tomto kvízu bez doplňovacích otázek.
10. Pořadí na kvízu Konečné umístění týmu na tomto kvízu.

Zaznamenané odpovědi

# Otázka Odpověď Body Výsledky
1. Více než dvacet tisíc Čechů se... Black Hawk (UH-60), Čestmír 0.5
2. Jednou z nejznámějších oslav k... do bílé 0
3. V úterý měl na Netflixu premié... Meghan Markle 1
4. Minulý týden se ve Španělsku k... Barcelona 1
5. Aukční síň Sotheby’s minulý tý... Michael Jordan, Kobe Bryant 0
6. V minulém semestru jsme probír... pobřišnice 0
7. Jak se česky nazývá céva, ozna... dolní dutá žíla 0
8. Která z těchto částí trávicí s... C 1
9. Kterým českým výrazem je pojme... dvanáctník (lze uznat i starší název dvanácterník) 1
10. Tato šedě růžová laločnatá žlá... slinivka břišní, pankreas 0